The design of social and political research /
Se plantea un modelo para el diseño de investigación social y política que comprende un ciclo entre la escogencia del tema, la conceptualización, la formación de hipótesis, la selección de casos, la creación del anteproyecto, la operacionalización de variables, la medición, las relaciones de variabl...
Kaydedildi:
| Yazar: | |
|---|---|
| Materyal Türü: | Metin |
| Dil: | English |
| Konular: | |
| Etiketler: |
Etiketle
Etiket eklenmemiş, İlk siz ekleyin!
|
MARC
| LEADER | 00000 a a2200000 04500 | ||
|---|---|---|---|
| 001 | 42134 | ||
| 003 | cru CRAI/IIS | ||
| 005 | 20191210151505.0 | ||
| 008 | 191210b2008 uyu||||| |||| 00| 0 eng d | ||
| 999 | |c 36578 |d 36578 | ||
| 020 | |a 978-0-521-70966-8 | ||
| 040 | |c cru CRAI/IIS | ||
| 090 | |a 18.03.01 D357a | ||
| 100 | |a Schmitter, Philippe | ||
| 245 | |a The design of social and political research / |c Philippe Schmitter | ||
| 300 | |a páginas 263-295 | ||
| 520 | |a Se plantea un modelo para el diseño de investigación social y política que comprende un ciclo entre la escogencia del tema, la conceptualización, la formación de hipótesis, la selección de casos, la creación del anteproyecto, la operacionalización de variables, la medición, las relaciones de variables, la inferencia causal y la auto-revisión. | ||
| 590 | |a EFU/SETIEMBRE2011 | ||
| 650 | |a 1.METODOS DE INVESTIGACION | ||
| 650 | |a 2.CIENCIAS SOCIALES | ||
| 650 | |a 3.SOCIOLOGIA | ||
| 650 | |a 4.CIENCIA POLITICA | ||
| 650 | |a 5.COMPORTAMIENTO SOCIAL | ||
| 650 | |a 6.COMPORTAMIENTO POLITICO | ||
| 773 | |g páginas 263-295 | ||
| 773 | 0 | |0 42741 |9 4058 |a Della Porta, Donatella |d Inglaterra : Cambridge University Press |o 13545 |t Approaches and methodologies in the social sciences: |w (cru CRAI/IIS)42032 |z 978-0-521-88322-1 | |
| 942 | |2 ddc |c LI | ||



